|
|
|
|
| LEADER |
00000nam a2200000 a 4500 |
| 001 |
vtls008162089 |
| 003 |
SK-MaSNL |
| 005 |
20260301204308.0 |
| 008 |
171030s2004 xo dablf 100 0 slo |
| 015 |
|
|
|a SNBA2005/07-02477
|
| 020 |
|
|
|a 8022721131 (brož.)
|
| 035 |
|
|
|a E95D5D2C-73F3-4CAE-B52D-4B8120DB6B33
|
| 035 |
|
|
|a urn:nbn:sk:snk-amlseh
|
| 035 |
|
|
|a urn:nbn:sk:snk-am00c9ed
|
| 040 |
|
|
|a SNK
|b slo
|c SNK
|e AACR2
|
| 041 |
0 |
|
|a slo
|a eng
|b eng
|
| 044 |
|
|
|a xo
|c SK
|
| 072 |
|
7 |
|a 699.8
|x Ochrana budov
|2 konspekt
|
| 080 |
|
|
|a (063)
|2 MDT-MRF
|
| 080 |
|
|
|a 699.86
|2 MDT-MRF
|
| 245 |
0 |
0 |
|a Tepelná ochrana budov 2004
|b zborník prednášok : 29. 04. 2004 Banská Bystrica
|
| 250 |
|
|
|a 1. vyd.
|
| 260 |
|
|
|a V Bratislave
|b Slovenská technická univerzita
|c 2004
|
| 300 |
|
|
|a 36 s.
|b grafy, ilustr., mp., sch., tab.
|c 30 cm
|
| 500 |
|
|
|a Čiast. text angl.
|
| 504 |
|
|
|a Bibliogr. odkazy.
|
| 506 |
|
|
|a 50 výtl.
|
| 546 |
|
|
|a Res. angl.
|
| 650 |
0 |
7 |
|a tepelná ochrana budov
|2 SNKPH
|9 67166
|
| 655 |
|
7 |
|a zborníky konferencií
|2 SNKPH
|9 70153
|
| 752 |
|
|
|a Slovensko
|d Bratislava
|
| 919 |
|
|
|a 80-227-2113-1
|
| 958 |
|
|
|a ART
|
| 968 |
|
|
|d 66/69
|
| 999 |
|
|
|c 905848
|d 907778
|
| 952 |
|
|
|a SNK
|b SNK
|y PREZ
|7 0
|p 17A0465918
|o snkSB 70603
|i snk2005/10931
|8 0
|0 0
|1 0
|4 0
|d 2005-06-22
|f 1
|l 0
|r 2025-04-22 00:00:00
|w 2026-02-24
|
| 952 |
|
|
|a SNK
|b SNK
|y VYP
|7 0
|p 17A0465917
|o snkSB 70603 D1
|i snk2005/10932
|8 0
|0 0
|1 0
|4 0
|d 2005-06-22
|l 0
|r 2016-06-30 00:00:00
|w 2026-02-24
|